000 02221nam2a22003131 4500
001 v19\rc\1606725
005 20260406143408.0
035 _a(NLR Aleph) 005238697
090 _a5681535
_c5681535
100 _a20061002d1896 |||y0rusy50 ca
101 0 _arus
102 _aRU
105 _ay z |||||
200 1 _aЗападный или Люблинский район
_e(между реками Вислою и Западным Бугом от австрийской границы до линии Ивангород - Луков, Брест-Литовск)
_fсоставил Ген. штаба подполк. Гр. Янушевский
_gпод руководством нач. Штаба Варшавск. воен. округа ген.-лейт. Пузыревского
210 _d1896
_aБ. м.
215 _a[4], XII, 629, [176] с.
316 _aЭкз. РНБ на шифре 32-19/904 с экслибрисом Библиотеки Николая II: монограмма "Н. А."
_5NLR:32-19/904
461 0 _1001v19\rc\1606724
_12001#$aЮжный фронт Варшавского военного округа$fсоставил Ген. штаба подполк. Гр. Янушевский$v1
_95681527
_aЯнушевский, Г. Е. (1861-1928)
_cВаршава
_d1896
_fсоставил Ген. штаба подполк. Гр. Янушевский
_nтипография Окружного штаба
_tЮжный фронт Варшавского военного округа
_v1
517 0 _aМежду реками Вислою и Западным Бугом от австрийской границы до линии Ивангород - Луков, Брест-Литовск
620 _aPL
702 0 _4390
_8rus
_7ca
_aНиколай
_cимператор российский
_dII
_f1868-1918
_3RU\NLR\AUTH\773750
_9113742
702 1 _4220
_8rus
_7ca
_aПузыревский
_bА. К.
_f1845-1904
_gАлександр Казимирович
_3RU\NLR\AUTH\7788771
_971699
801 0 _aRU
_bNLR
_c20061002
_gpsbo
801 0 _aRU
_bRuMoRGB
_c20061002
_2psbo
801 1 _aRU
_bProSoft-M
_c20061002
_2rusmarc
801 2 _aRU
_bNLR
_c20100602
_2rusmarc
852 _aNLR
_j32-19/904
942 _cBOOK
980 _aNB